000 01023cam a2200301 a 4500
001 000005751
005 20200929151753.0
008 820510s1978 uy 000 e spa d
040 _aDO-SdBNP
_cDLC
_dDLC
082 _aU864.3
_bZ88e
100 1 _aZorrilla de San Martín, Juan,
_d1855-1931
_93845
240 1 0 _aEssays.
_kSelections
245 1 0 _aEnsayos /
_cJuan Zorrilla de San Martín ; selección y prólogo de Arturo Sergio Visca.
260 _aMontevideo :
_bMinisterio de Educación y Cultura,
_c1978.
300 _a3 v. ;
_c18 cm.
490 1 _aBiblioteca Artigas
490 1 _aClásicos uruguayos
_v154-156
505 0 _at. 1. El sermón de la paz
505 0 _at. 2. El libro de Ruth
505 0 _at. 3. Huerto cerrado
650 4 _aEnsayos uruguayos
_93053
650 4 _aLiteratura uruguaya
_93054
700 1 _aVisca, Arturo Sergio,
_epról.
_916277
830 0 _aClásicos uruguayos ;
_v154-156
_916278
830 0 _aBiblioteca Artigas
_916279
910 _aCatalogación por copia / LC
910 _aWM
999 _c5547
_d5547